000 00805nam a2200145Ia 4500
008 100122s9999 xx 000 0 und d
082 _b62189
_a137
100 _aशिरवाडकर विश्राम
245 _aप्रभावी आणि यशस्वी व्यक्तिमत्त्व घडविण्याची दहा सूत्रे
260 _bपृथ्वी प्रकाशन
_c2001
300 _a176
630 _aप्रभावी आणि यशस्वी व्यक्तिमत्त्व घडविण्याची दहा सूत्रे
730 _aप्रभावी आणि यशस्वी व्यक्तिमत्त्व घडविण्याची दहा सूत्रे
942 _cBOOK
999 _c436584
_d436581